| 000 | 00582nam a22002057a 4500 | ||
|---|---|---|---|
| 003 | OSt | ||
| 005 | 20140310182208.0 | ||
| 008 | 130905t xxu||||| |||| 00| 0 eng d | ||
| 020 | _a9780746004135 | ||
| 050 |
_a TT 712 _b.Al425 1989 |
||
| 082 |
_aHS 646.2 _bAl53 1989 |
||
| 100 |
_aAllen, Helen _916611 |
||
| 245 |
_aThe Usborne guide to sewing and knitting / _cHelen Allen ; illustrated by Diana McLean. |
||
| 260 |
_aBelgium : _bUsborne, _c1989. |
||
| 300 |
_a64 p. : _bill, ; _c21 cm. |
||
| 541 | _j1 | ||
| 562 | _e1 | ||
| 650 |
_aSewing _913942 |
||
| 942 |
_2lcc _cHS |
||
| 999 |
_c10394 _d10394 |
||